dates histoire - Statistiques

Statistiques générales
  • Ce quiz a été pris 40 fois
  • Le résultat moyen est 3 sur 15
Statistiques - réponses
Hint Réponse % Correct
496 bapteme de clovis
85%
800 sacre charlemagne à rome
24%
987-996 règne hugues capet
21%
1066 bataille d'hasting
18%
481-511 clovis 1er roi des francs
15%
751 pépin le bref roi
12%
623-639 règne Dagobert 1er
12%
476 deposition de romulus augustule
9%
1098 fondation abbaye de citeaux
9%
1115 fondation abbaye de clairveaux
9%
909 fondation abbaye de cluny
9%
1099 prise de jérusalem suite à la croisade
9%
v.535 rédaction de la règle monastique de saint benoit
9%
1180-1223 règne philippe 2 auguste
9%
843 traité de verdun qui separe l'empire carolingien
9%
Aucun quiz correspondant
Distribution des résultats
% des personnes avec chaque résultat
Percentile par nombre de réponses
Votre historique - résultats
Vous n’avez pas pris ce quiz